Dvi novŷ knyžkŷ Štefana Smoleja

Bibliographic Details
Main Author: Kuzmiaková, Anna, 1949- (Author)
Format: Article
Language:Ukrainian
PhysicalDescription:Fotogr.
Subjects:
Online Access:www.rusyn.sk

MARC

LEADER 00000nab a2200000 a 4500
001 vtls010548047
003 SK-MaSNL
005 20260318123329.0
008 131003c2013 xo er p 000 c0ukr
015 |a SNBRB2013/10 
038 |a SVKPOCL 
040 |a SVKPOCL  |b slo  |c SVKPOCL  |e AACR2 
041 0 |a ukr 
044 |a xo  |c SK 
080 |a 80(=16)+908(4)  |2 2001 
080 |a 821.161.25(437.6)  |2 2001 
080 |a 80(=161.2)+908(437.6)  |2 2001 
080 |a 821.161.25(437.6)-32  |2 2001 
100 1 |a Kuzmiaková, Anna,  |d 1949-  |4 aut  |9 210981 
245 1 0 |a Dvi novŷ knyžkŷ Štefana Smoleja  |c A. Kuzmjakova, M. Šurkalova 
300 |b Fotogr. 
600 1 7 |a Smolej, Štefan,  |d 1933-  |t Nespovnenŷ tužbŷ  |2 svkpocl  |9 1328173 
600 1 7 |a Smolej, Štefan,  |d 1933-  |t Pryhodŷ z našŷch sel  |2 svkpocl  |9 1328174 
650 0 7 |a rusínska literatúra  |z Slovensko  |2 svkpocl  |9 1032171 
650 0 7 |a rusinistika  |2 svkpocl  |9 90871 
650 0 7 |a slavistika  |2 svkpocl  |9 4282 
650 0 7 |a rusínska próza  |z Slovensko  |2 svkpocl  |9 107294 
651 7 |a Slovensko  |2 svkpocl  |9 14231 
655 7 |a rusínske poviedky  |2 svkpocl  |9 70768 
655 7 |a rusínske novely  |2 svkpocl  |9 535540 
773 0 |t Info Rusyn  |g Roč. X , č. 3 (2013), s. 11 
852 |a SVKPO  |b KIS3GCP 
856 4 1 |u www.rusyn.sk 
958 |a RN 
958 |a LX 
958 |a SK 
958 |a SS 
999 |c 2685039  |d 2686969